00507nam a2200145Ia 4500008004100000100001600041245007800057245001600135260005900151650001800210650001500228856002600243999001900269952007300288170221s9999 xx 000 0 und d aSven Grampp 4aThe Art of Science: Making Things Popular with Scientific Journal Covers  cSven Grampp bOnline Journal of Communication and Media Technologies xCommunication xMedia Arts uhttp://www.ojcmt.net/ c312823d312823 001040aCLbCLd2017-02-21l0r2017-02-21 00:00:00w2017-02-21yFOJ